000 03262nam0a2200433 4500
001 RU\NLR\BIBL_A\012863084
005 20221018113730.0
010 _a978-5-9708-0983-9
_990
021 _aRU
_bКН-П-22-034294
_9КН-П-22-2939
035 _a(NLR Aleph) 012863084
035 _a(RuMoRGB)011085997
090 _a12465626
_c12465626
100 _a20220809d2022 k y0rusy50 ca
101 1 _arus
_aeng
102 _aRU
105 _ay z 100zy
181 0 _ai
_baxxe
182 0 _an
200 1 _aВторая Международная научно-практическая конференция "Образ будущего", Орел, 24-25 февраля 2022
_dThe Second International scientific and practical conference "Image of the future", 24-25 February 2022
_eсборник тезисов
_fФГБОУ ВО "Орловский государственный университет имени И. С. Тургенева", Правительство Орловской области, Философский факультет ОГУ имени И. С. Тургенева
_zeng
203 _aТекст
_bвизуальный
_cнепосредственный
210 _aОрел
_cКартуш
_d2022
215 _a305 с.
_d21
300 _aНа обл.: Образ будущего: Вторая Международная научно-практическая конференция, Орёл - 2022: сборник тезисов
300 _aТекст парал. на рус. и англ. яз.
330 _aB сборник включены тезисы докладов участников Второй международной научно-практической конференции "Образ будущего", проводимой на базе Орловского государственного университета имени И. С. Тургенева 24-25 февраля 2022 года. На конференции обсуждались вопросы методологии и теоретических оснований изучения образов будущего, их функционирование в прошлом и настоящем
333 _a16+
510 1 _6z01791
_aThe Second International scientific and practical conference "Image of the future", 24-25 February 2022
_zeng
512 1 _aОбраз будущего
_eВторая Международная научно-практическая конференция, Орёл - 2022
_eсборник тезисов
606 1 _aСоциальное прогнозирование
_jТезисы докладов
_2nlr_sh1
_2nlr_sh2
_3RU\NLR\AUTH\66904249
686 1 _aС550.373.11я431
702 1 _aДеев
_bН. А.
_4000
702 1 _aХохлов
_bЕ. И.
_4000
710 1 2 _a"Образ будущего", международная научно-практическая конференция
_d2
_f2022
_eОрел
_3RU\NLR\AUTH\880569927
791 1 2 _6z01510
_a"Image of the future", international scientific and practical conference
_d2
_f2022
_eOrel
_3RU\NLR\AUTH\880569930
942 _cBOOK
980 _aNB